[Event "DEM U16w 2025"]
[Site "Willingen GER"]
[Date "2025.06.13"]
[Round "8"]
[White "Müller, Riyanna"]
[Black "Vogt, Luna"]
[Result "1-0"]
[Termination "normal"]
[Board "1"]
[WhiteTitle "WCM"]
[WhiteElo "2056"]
[BlackElo "1773"]
[WhiteClock "00:35:18"]
[BlackClock "00:18:35"]
[PlyCount "67"]
[WhiteFideId "16287401"]
[BlackFideId "34607153"]
[EventCountry "GER"]
[EventRounds "9"]
[EventType "swiss"]
[EventDate "2025.06.07"]

1. e4 {[%clk 01:30:57]} {[%emt 00:00:04]} Nf6 {[%clk 01:30:55]} {[%emt
00:00:05]} 2. e5 {[%clk 01:31:21]} {[%emt 00:00:07]} Nd5 {[%clk 01:31:19]}
{[%emt 00:00:04]} 3. c4 {[%clk 01:31:41]} {[%emt 00:00:11]} Nb6 {[%clk
01:31:44]} {[%emt 00:00:05]} 4. d4 {[%clk 01:31:59]} {[%emt 00:00:12]} d6
{[%clk 01:32:05]} {[%emt 00:00:08]} 5. exd6 {[%clk 01:31:54]} {[%emt 00:00:36]}
cxd6 {[%clk 01:32:28]} {[%emt 00:00:08]} 6. Nc3 {[%clk 01:31:45]} {[%emt
00:00:38]} g6 {[%clk 01:32:49]} {[%emt 00:00:09]} 7. Be3 {[%clk 01:26:23]}
{[%emt 00:05:52]} Bg7 {[%clk 01:31:35]} {[%emt 00:01:43]} 8. Rc1 {[%clk
01:26:29]} {[%emt 00:00:24]} O-O {[%clk 01:31:26]} {[%emt 00:00:40]} 9. Be2
{[%clk 01:25:49]} {[%emt 00:01:10]} e6 {[%clk 01:24:29]} {[%emt 00:07:28]} 10.
Nf3 {[%clk 01:24:41]} {[%emt 00:01:37]} d5 {[%clk 01:19:32]} {[%emt 00:05:28]}
11. c5 {[%clk 01:23:37]} {[%emt 00:01:32]} N6d7 {[%clk 01:19:24]} {[%emt
00:00:38]} 12. O-O {[%clk 01:23:19]} {[%emt 00:00:47]} Nc6 {[%clk 01:15:03]}
{[%emt 00:04:52]} 13. a3 {[%clk 01:19:23]} {[%emt 00:04:26]} f5 {[%clk
01:02:51]} {[%emt 00:12:41]} 14. Qd2 {[%clk 01:10:12]} {[%emt 00:09:41]} Nf6
{[%clk 01:02:53]} {[%emt 00:00:28]} 15. Bg5 {[%clk 01:10:19]} {[%emt 00:00:23]}
Qd7 {[%clk 00:55:14]} {[%emt 00:08:10]} 16. Bxf6 {[%clk 01:07:22]} {[%emt
00:03:26]} Bxf6 {[%clk 00:53:16]} {[%emt 00:02:29]} 17. b4 {[%clk 01:03:26]}
{[%emt 00:04:25]} Qg7 {[%clk 00:50:33]} {[%emt 00:03:13]} 18. Rfd1 {[%clk
01:03:18]} {[%emt 00:00:38]} a6 {[%clk 00:48:28]} {[%emt 00:02:36]} 19. b5
{[%clk 00:56:50]} {[%emt 00:06:57]} axb5 {[%clk 00:48:09]} {[%emt 00:00:50]}
20. Nxb5 {[%clk 00:57:16]} {[%emt 00:00:05]} g5 {[%clk 00:47:51]} {[%emt
00:00:47]} 21. Rb1 {[%clk 00:56:41]} {[%emt 00:01:05]} g4 {[%clk 00:47:33]}
{[%emt 00:00:47]} 22. Ne1 {[%clk 00:57:04]} {[%emt 00:00:07]} Bg5 {[%clk
00:44:11]} {[%emt 00:03:52]} 23. Qb2 {[%clk 00:56:59]} {[%emt 00:00:36]} Bf6
{[%clk 00:41:24]} {[%emt 00:03:17]} 24. Nc2 {[%clk 00:53:14]} {[%emt 00:04:15]}
f4 {[%clk 00:37:49]} {[%emt 00:04:05]} 25. f3 {[%clk 00:53:32]} {[%emt
00:00:12]} h5 {[%clk 00:30:44]} {[%emt 00:07:35]} 26. Nd6 {[%clk 00:50:50]}
{[%emt 00:03:13]} Ra7 {[%clk 00:22:03]} {[%emt 00:09:10]} 27. Kh1 {[%clk
00:44:32]} {[%emt 00:06:47]} Kh8 {[%clk 00:22:23]} {[%emt 00:00:11]} 28. Qb6
{[%clk 00:42:21]} {[%emt 00:02:41]} Ra6 {[%clk 00:22:31]} {[%emt 00:00:22]} 29.
Bxa6 {[%clk 00:41:06]} {[%emt 00:01:44]} Nxd4 {[%clk 00:22:23]} {[%emt
00:00:38]} 30. Nxd4 {[%clk 00:40:55]} {[%emt 00:00:41]} bxa6 {[%clk 00:22:37]}
{[%emt 00:00:17]} 31. Ne2 {[%clk 00:34:54]} {[%emt 00:06:30]} e5 {[%clk
00:18:24]} {[%emt 00:04:43]} 32. Nxc8 {[%clk 00:35:03]} {[%emt 00:00:21]} Rxc8
{[%clk 00:18:26]} {[%emt 00:00:29]} 33. Qb7 {[%clk 00:35:13]} {[%emt 00:00:20]}
Rc7 {[%clk 00:18:35]} {[%emt 00:00:21]} 34. Qxd5 {[%clk 00:35:18]} {[%emt
00:00:26]} 1-0

[Event "DEM U16w 2025"]
[Site "Willingen GER"]
[Date "2025.06.13"]
[Round "8"]
[White "Bezsonna, Polina"]
[Black "Bauer, Laura Sophie"]
[Result "1-0"]
[Termination "normal"]
[Board "2"]
[WhiteElo "1972"]
[BlackElo "1979"]
[WhiteClock "00:21:30"]
[BlackClock "01:25:40"]
[PlyCount "93"]
[WhiteFideId "14191156"]
[BlackFideId "16253647"]
[EventCountry "GER"]
[EventRounds "9"]
[EventType "swiss"]
[EventDate "2025.06.07"]

1. e4 {[%clk 01:30:56]} {[%emt 00:00:04]} e5 {[%clk 01:30:54]} {[%emt
00:00:06]} 2. Nf3 {[%clk 01:31:09]} {[%emt 00:00:17]} Nc6 {[%clk 01:31:18]}
{[%emt 00:00:07]} 3. Bc4 {[%clk 01:31:29]} {[%emt 00:00:10]} Bc5 {[%clk
01:31:41]} {[%emt 00:00:07]} 4. O-O {[%clk 01:31:46]} {[%emt 00:00:13]} Nf6
{[%clk 01:31:40]} {[%emt 00:00:31]} 5. d4 {[%clk 01:31:30]} {[%emt 00:00:46]}
Bxd4 {[%clk 01:25:29]} {[%emt 00:06:42]} 6. Nxd4 {[%clk 01:31:48]} {[%emt
00:00:11]} Nxd4 {[%clk 01:25:11]} {[%emt 00:00:48]} 7. Bg5 {[%clk 01:32:04]}
{[%emt 00:00:14]} h6 {[%clk 01:23:38]} {[%emt 00:02:05]} 8. Bh4 {[%clk
01:31:35]} {[%emt 00:00:58]} g5 {[%clk 01:23:11]} {[%emt 00:00:56]} 9. Bg3
{[%clk 01:31:53]} {[%emt 00:00:12]} d6 {[%clk 01:22:56]} {[%emt 00:00:44]} 10.
c3 {[%clk 01:21:57]} {[%emt 00:10:27]} Ne6 {[%clk 01:19:39]} {[%emt 00:03:46]}
11. Nd2 {[%clk 01:08:00]} {[%emt 00:14:28]} Qe7 {[%clk 01:18:29]} {[%emt
00:01:40]} 12. b4 {[%clk 01:02:48]} {[%emt 00:05:43]} Bd7 {[%clk 01:17:31]}
{[%emt 00:01:27]} 13. f3 {[%clk 00:55:54]} {[%emt 00:07:24]} h5 {[%clk
01:15:21]} {[%emt 00:02:40]} 14. Bb3 {[%clk 00:47:34]} {[%emt 00:08:51]} Nf4
{[%clk 01:14:21]} {[%emt 00:01:29]} 15. Nc4 {[%clk 00:27:47]} {[%emt 00:20:17]}
h4 {[%clk 01:14:14]} {[%emt 00:00:38]} 16. Bf2 {[%clk 00:22:27]} {[%emt
00:05:49]} g4 {[%clk 01:13:38]} {[%emt 00:01:05]} 17. Be3 {[%clk 00:17:59]}
{[%emt 00:05:00]} O-O-O {[%clk 01:08:29]} {[%emt 00:05:38]} 18. Bxf4 {[%clk
00:14:43]} {[%emt 00:03:46]} exf4 {[%clk 01:08:53]} {[%emt 00:00:06]} 19. Qd4
{[%clk 00:13:14]} {[%emt 00:01:59]} Kb8 {[%clk 01:06:24]} {[%emt 00:02:58]} 20.
e5 {[%clk 00:11:21]} {[%emt 00:02:24]} Nh5 {[%clk 01:03:04]} {[%emt 00:03:50]}
21. exd6 {[%clk 00:10:00]} {[%emt 00:01:51]} cxd6 {[%clk 01:03:26]} {[%emt
00:00:08]} 22. Qxd6+ {[%clk 00:08:32]} {[%emt 00:01:58]} Qxd6 {[%clk 01:03:48]}
{[%emt 00:00:08]} 23. Nxd6 {[%clk 00:09:01]} {[%emt 00:00:02]} Be6 {[%clk
01:03:13]} {[%emt 00:01:04]} 24. Bxe6 {[%clk 00:03:33]} {[%emt 00:05:59]} Rxd6
{[%clk 01:03:24]} {[%emt 00:00:18]} 25. Bxg4 {[%clk 00:02:39]} {[%emt
00:01:24]} Nf6 {[%clk 01:02:18]} {[%emt 00:01:36]} 26. Rfd1 {[%clk 00:01:28]}
{[%emt 00:01:42]} Rhd8 {[%clk 01:02:28]} {[%emt 00:00:19]} 27. Rxd6 {[%clk
00:01:18]} {[%emt 00:00:41]} Rxd6 {[%clk 01:02:52]} {[%emt 00:00:07]} 28. c4
{[%clk 00:00:49]} {[%emt 00:00:58]} Rd4 {[%clk 01:02:52]} {[%emt 00:00:30]} 29.
Rc1 {[%clk 00:00:58]} {[%emt 00:00:21]} a6 {[%clk 01:02:36]} {[%emt 00:00:46]}
30. Bf5 {[%clk 00:01:05]} {[%emt 00:00:24]} b5 {[%clk 01:02:07]} {[%emt
00:00:58]} 31. cxb5 {[%clk 00:01:27]} {[%emt 00:00:09]} axb5 {[%clk 01:02:30]}
{[%emt 00:00:07]} 32. a3 {[%clk 00:01:20]} {[%emt 00:00:36]} Rd5 {[%clk
01:00:26]} {[%emt 00:02:33]} 33. Bc2 {[%clk 00:01:03]} {[%emt 00:00:47]} Ne8
{[%clk 00:58:33]} {[%emt 00:02:24]} 34. Be4 {[%clk 00:00:41]} {[%emt 00:00:53]}
Rd4 {[%clk 00:58:02]} {[%emt 00:01:01]} 35. Rc5 {[%clk 00:00:38]} {[%emt
00:00:34]} Nd6 {[%clk 00:58:24]} {[%emt 00:00:08]} 36. Rd5 {[%clk 00:00:50]}
{[%emt 00:00:17]} Rxd5 {[%clk 00:58:24]} {[%emt 00:00:30]} 37. Bxd5 {[%clk
00:01:19]} f6 {[%clk 00:58:25]} {[%emt 00:00:28]} 38. Kf2 {[%clk 00:01:37]}
{[%emt 00:00:13]} Kc7 {[%clk 00:58:39]} {[%emt 00:00:16]} 39. Ke2 {[%clk
00:01:09]} {[%emt 00:00:58]} Nf5 {[%clk 00:58:53]} {[%emt 00:00:15]} 40. Be4
{[%clk 00:01:08]} {[%emt 00:00:31]} Nd6 {[%clk 00:57:59]} {[%emt 00:01:23]} 41.
Bd3 {[%clk 00:00:34]} {[%emt 00:01:04]} Kc6 {[%clk 00:58:14]} {[%emt 00:00:15]}
42. Kd2 {[%clk 00:26:16]} {[%emt 00:04:48]} Kd5 {[%clk 01:28:31]} {[%emt
00:00:12]} 43. Kc3 {[%clk 00:26:25]} {[%emt 00:00:22]} Ke5 {[%clk 01:28:06]}
{[%emt 00:00:55]} 44. Bc2 {[%clk 00:22:07]} {[%emt 00:04:49]} Nb7 {[%clk
01:26:06]} {[%emt 00:02:30]} 45. Be4 {[%clk 00:21:21]} {[%emt 00:01:15]} Nd8
{[%clk 01:25:37]} {[%emt 00:00:59]} 46. Bd3 {[%clk 00:21:07]} {[%emt 00:00:43]}
Ne6 {[%clk 01:25:40]} {[%emt 00:00:27]} 47. Bxb5 {[%clk 00:21:30]} {[%emt
00:00:09]} 1-0

[Event "DEM U16w 2025"]
[Site "Willingen GER"]
[Date "2025.06.13"]
[Round "8"]
[White "Wartenberg, Alissa"]
[Black "Neininger, Sarah"]
[Result "1-0"]
[Termination "normal"]
[Board "3"]
[WhiteElo "1850"]
[BlackElo "1857"]
[WhiteClock "00:22:40"]
[BlackClock "00:28:46"]
[PlyCount "91"]
[WhiteFideId "16280741"]
[BlackFideId "16287410"]
[EventCountry "GER"]
[EventRounds "9"]
[EventType "swiss"]
[EventDate "2025.06.07"]

1. e4 {[%clk 01:30:58]} {[%emt 00:00:03]} c5 {[%clk 01:30:55]} {[%emt
00:00:05]} 2. Nf3 {[%clk 01:31:25]} {[%emt 00:00:04]} Nc6 {[%clk 01:31:18]}
{[%emt 00:00:06]} 3. d4 {[%clk 01:31:51]} {[%emt 00:00:04]} cxd4 {[%clk
01:31:42]} {[%emt 00:00:06]} 4. Nxd4 {[%clk 01:32:18]} {[%emt 00:00:04]} Nf6
{[%clk 01:32:01]} {[%emt 00:00:09]} 5. Nc3 {[%clk 01:32:39]} {[%emt 00:00:11]}
e6 {[%clk 01:32:24]} {[%emt 00:00:06]} 6. Ndb5 {[%clk 01:32:34]} {[%emt
00:00:35]} Bc5 {[%clk 01:32:43]} {[%emt 00:00:11]} 7. Nd6+ {[%clk 01:32:50]}
{[%emt 00:00:14]} Ke7 {[%clk 01:33:05]} {[%emt 00:00:08]} 8. Bf4 {[%clk
01:33:13]} {[%emt 00:00:06]} e5 {[%clk 01:33:30]} {[%emt 00:00:05]} 9. Nf5+
{[%clk 01:33:37]} {[%emt 00:00:06]} Kf8 {[%clk 01:33:55]} {[%emt 00:00:05]} 10.
Bg5 {[%clk 01:34:01]} {[%emt 00:00:06]} d6 {[%clk 01:34:19]} {[%emt 00:00:06]}
11. Ne3 {[%clk 01:32:27]} {[%emt 00:02:04]} Be6 {[%clk 01:32:41]} {[%emt
00:02:07]} 12. Be2 {[%clk 01:22:28]} {[%emt 00:10:29]} h6 {[%clk 01:30:42]}
{[%emt 00:02:28]} 13. Bxf6 {[%clk 01:22:00]} {[%emt 00:00:59]} Qxf6 {[%clk
01:30:39]} {[%emt 00:00:32]} 14. O-O {[%clk 01:21:05]} {[%emt 00:01:25]} Kg8
{[%clk 01:29:26]} {[%emt 00:01:43]} 15. Ncd5 {[%clk 01:16:21]} {[%emt
00:05:14]} Qd8 {[%clk 01:29:40]} {[%emt 00:00:16]} 16. c3 {[%clk 01:08:44]}
{[%emt 00:08:07]} Kh7 {[%clk 01:24:34]} {[%emt 00:05:36]} 17. b4 {[%clk
00:52:25]} {[%emt 00:16:51]} Bxe3 {[%clk 01:21:41]} {[%emt 00:03:22]} 18. fxe3
{[%clk 00:49:20]} {[%emt 00:03:35]} Qg5 {[%clk 01:12:35]} {[%emt 00:09:35]} 19.
Rf3 {[%clk 00:43:26]} {[%emt 00:06:25]} Rhf8 {[%clk 00:49:51]} {[%emt
00:23:12]} 20. Qd2 {[%clk 00:32:03]} {[%emt 00:11:56]} Qh4 {[%clk 00:39:58]}
{[%emt 00:10:21]} 21. Raf1 {[%clk 00:24:17]} {[%emt 00:08:18]} Rac8 {[%clk
00:34:22]} {[%emt 00:06:03]} 22. Bd1 {[%clk 00:21:00]} {[%emt 00:03:50]} Kg8
{[%clk 00:30:54]} {[%emt 00:03:53]} 23. Qd3 {[%clk 00:15:53]} {[%emt 00:05:41]}
f5 {[%clk 00:26:03]} {[%emt 00:05:22]} 24. Bc2 {[%clk 00:10:07]} {[%emt
00:06:16]} Ne7 {[%clk 00:18:35]} {[%emt 00:07:55]} 25. Nxe7+ {[%clk 00:08:36]}
{[%emt 00:02:03]} Qxe7 {[%clk 00:19:01]} {[%emt 00:00:04]} 26. Rd1 {[%clk
00:05:45]} {[%emt 00:03:22]} Bxa2 {[%clk 00:18:08]} {[%emt 00:01:23]} 27. exf5
{[%clk 00:04:56]} {[%emt 00:01:19]} d5 {[%clk 00:17:43]} {[%emt 00:00:55]} 28.
e4 {[%clk 00:04:04]} {[%emt 00:01:22]} Bc4 {[%clk 00:16:22]} {[%emt 00:01:51]}
29. Qe3 {[%clk 00:04:14]} {[%emt 00:00:20]} dxe4 {[%clk 00:11:13]} {[%emt
00:05:39]} 30. Qxe4 {[%clk 00:04:20]} {[%emt 00:00:24]} Rf6 {[%clk 00:09:32]}
{[%emt 00:02:07]} 31. Re3 {[%clk 00:04:09]} {[%emt 00:00:44]} Ba6 {[%clk
00:09:04]} {[%emt 00:00:55]} 32. Bb3+ {[%clk 00:04:09]} {[%emt 00:00:34]} Kh7
{[%clk 00:08:52]} {[%emt 00:00:39]} 33. Be6 {[%clk 00:04:08]} {[%emt 00:00:34]}
Rd8 {[%clk 00:08:21]} {[%emt 00:01:00]} 34. Rb1 {[%clk 00:04:11]} {[%emt
00:00:27]} Rd2 {[%clk 00:04:04]} {[%emt 00:04:46]} 35. b5 {[%clk 00:03:58]}
{[%emt 00:00:45]} Bxb5 {[%clk 00:03:51]} {[%emt 00:00:43]} 36. Rxb5 {[%clk
00:03:51]} {[%emt 00:00:37]} Rd1+ {[%clk 00:02:55]} {[%emt 00:01:26]} 37. Kf2
{[%clk 00:03:49]} {[%emt 00:00:31]} Qa3 {[%clk 00:03:03]} {[%emt 00:00:22]} 38.
Rd5 {[%clk 00:03:08]} {[%emt 00:01:11]} Qb2+ {[%clk 00:02:56]} {[%emt
00:00:37]} 39. Re2 {[%clk 00:03:18]} {[%emt 00:00:20]} Qb6+ {[%clk 00:03:02]}
{[%emt 00:00:24]} 40. Kg3 {[%clk 00:02:59]} {[%emt 00:00:49]} Rc1 {[%clk
00:02:34]} {[%emt 00:00:58]} 41. Qxe5 {[%clk 00:01:38]} {[%emt 00:01:51]} Qb3
{[%clk 00:01:58]} {[%emt 00:01:06]} 42. Rd3 {[%clk 00:00:41]} {[%emt 00:01:27]}
Qb1 {[%clk 00:01:04]} {[%emt 00:01:24]} 43. Rd7 {[%clk 00:28:22]} {[%emt
00:02:50]} Qa1 {[%clk 00:28:10]} {[%emt 00:03:23]} 44. Rxg7+ {[%clk 00:21:49]}
{[%emt 00:07:03]} Kxg7 {[%clk 00:28:33]} {[%emt 00:00:07]} 45. Qc7+ {[%clk
00:22:16]} {[%emt 00:00:04]} Kf8 {[%clk 00:28:46]} {[%emt 00:00:17]} 46. Qd8+
{[%clk 00:22:40]} {[%emt 00:00:06]} 1-0

[Event "DEM U16w 2025"]
[Site "Willingen GER"]
[Date "2025.06.13"]
[Round "8"]
[White "Preißler, Viktoria"]
[Black "Trunz, Tamila"]
[Result "0-1"]
[Termination "normal"]
[Board "4"]
[WhiteElo "1828"]
[BlackElo "2053"]
[WhiteClock "00:12:18"]
[BlackClock "00:28:23"]
[PlyCount "116"]
[WhiteFideId "34693360"]
[BlackFideId "16267885"]
[EventCountry "GER"]
[EventRounds "9"]
[EventType "swiss"]
[EventDate "2025.06.07"]

1. e4 {[%clk 01:30:58]} c5 {[%clk 01:30:50]} {[%emt 00:00:10]} 2. Qh5 {[%clk
01:31:12]} {[%emt 00:00:17]} d6 {[%clk 01:26:52]} {[%emt 00:04:28]} 3. f4
{[%clk 01:30:41]} {[%emt 00:01:01]} Nf6 {[%clk 01:25:24]} {[%emt 00:01:58]} 4.
Qf3 {[%clk 01:31:01]} {[%emt 00:00:10]} Nc6 {[%clk 01:24:13]} {[%emt 00:01:41]}
5. c3 {[%clk 01:29:42]} {[%emt 00:01:48]} g6 {[%clk 01:20:19]} {[%emt
00:04:25]} 6. h3 {[%clk 01:26:14]} {[%emt 00:03:57]} h5 {[%clk 01:18:25]}
{[%emt 00:02:24]} 7. d3 {[%clk 01:23:56]} {[%emt 00:02:49]} Qc7 {[%clk
01:11:32]} {[%emt 00:07:22]} 8. Be3 {[%clk 01:19:52]} {[%emt 00:04:35]} b5
{[%clk 01:01:50]} {[%emt 00:10:12]} 9. g3 {[%clk 01:16:52]} {[%emt 00:03:30]}
b4 {[%clk 00:56:16]} {[%emt 00:06:04]} 10. Bg2 {[%clk 01:15:20]} {[%emt
00:02:02]} Bb7 {[%clk 00:48:14]} {[%emt 00:08:31]} 11. Ne2 {[%clk 01:07:28]}
{[%emt 00:08:22]} Rb8 {[%clk 00:41:07]} {[%emt 00:07:37]} 12. Nd2 {[%clk
01:02:47]} {[%emt 00:05:12]} Bg7 {[%clk 00:34:19]} {[%emt 00:07:18]} 13. O-O
{[%clk 00:44:47]} {[%emt 00:18:30]} d5 {[%clk 00:21:23]} {[%emt 00:13:26]} 14.
Qf2 {[%clk 00:27:11]} {[%emt 00:18:05]} bxc3 {[%clk 00:18:36]} {[%emt
00:03:17]} 15. bxc3 {[%clk 00:27:20]} {[%emt 00:00:21]} d4 {[%clk 00:18:10]}
{[%emt 00:00:57]} 16. cxd4 {[%clk 00:27:14]} {[%emt 00:00:36]} Nb4 {[%clk
00:18:11]} {[%emt 00:00:30]} 17. Nc1 {[%clk 00:22:08]} {[%emt 00:05:35]} Nc2
{[%clk 00:17:50]} {[%emt 00:00:51]} 18. Rb1 {[%clk 00:22:28]} {[%emt 00:00:09]}
Ng4 {[%clk 00:10:10]} {[%emt 00:08:10]} 19. hxg4 {[%clk 00:21:49]} {[%emt
00:01:10]} Nxe3 {[%clk 00:09:52]} {[%emt 00:00:47]} 20. Ncb3 {[%clk 00:14:39]}
{[%emt 00:07:40]} Nxf1 {[%clk 00:09:49]} {[%emt 00:00:33]} 21. Kxf1 {[%clk
00:14:09]} {[%emt 00:01:00]} Ba6 {[%clk 00:07:06]} {[%emt 00:03:15]} 22. Nxc5
{[%clk 00:11:58]} {[%emt 00:02:40]} Rxb1+ {[%clk 00:07:08]} {[%emt 00:00:28]}
23. Nxb1 {[%clk 00:12:26]} {[%emt 00:00:01]} Qb6 {[%clk 00:07:05]} {[%emt
00:00:34]} 24. Nc3 {[%clk 00:11:09]} {[%emt 00:01:47]} hxg4 {[%clk 00:06:07]}
{[%emt 00:01:27]} 25. e5 {[%clk 00:10:48]} {[%emt 00:00:52]} O-O {[%clk
00:05:23]} {[%emt 00:01:14]} 26. Nd7 {[%clk 00:05:47]} {[%emt 00:05:31]} Qc7
{[%clk 00:04:44]} {[%emt 00:01:09]} 27. Nxf8 {[%clk 00:06:03]} {[%emt
00:00:13]} Qxc3 {[%clk 00:04:52]} {[%emt 00:00:22]} 28. Nd7 {[%clk 00:06:15]}
{[%emt 00:00:19]} Qa1+ {[%clk 00:04:47]} {[%emt 00:00:35]} 29. Ke2 {[%clk
00:05:46]} {[%emt 00:00:59]} Qxa2+ {[%clk 00:04:35]} {[%emt 00:00:42]} 30. Ke3
{[%clk 00:05:26]} {[%emt 00:00:50]} Qxf2+ {[%clk 00:04:22]} {[%emt 00:00:43]}
31. Kxf2 {[%clk 00:05:50]} {[%emt 00:00:05]} Bxd3 {[%clk 00:04:45]} {[%emt
00:00:08]} 32. Ke3 {[%clk 00:04:54]} {[%emt 00:01:25]} Bb5 {[%clk 00:04:24]}
{[%emt 00:00:51]} 33. Nc5 {[%clk 00:05:06]} {[%emt 00:00:19]} e6 {[%clk
00:04:02]} {[%emt 00:00:52]} 34. d5 {[%clk 00:03:30]} {[%emt 00:02:06]} exd5
{[%clk 00:04:11]} {[%emt 00:00:22]} 35. Bxd5 {[%clk 00:03:54]} {[%emt
00:00:05]} Kf8 {[%clk 00:02:22]} {[%emt 00:02:19]} 36. Kd4 {[%clk 00:02:12]}
{[%emt 00:02:12]} Ke7 {[%clk 00:02:41]} {[%emt 00:00:11]} 37. Kc3 {[%clk
00:02:08]} {[%emt 00:00:33]} g5 {[%clk 00:02:17]} {[%emt 00:00:54]} 38. Kb4
{[%clk 00:01:05]} {[%emt 00:01:34]} Be2 {[%clk 00:02:16]} {[%emt 00:00:31]} 39.
e6 {[%clk 00:00:54]} {[%emt 00:00:40]} gxf4 {[%clk 00:01:59]} {[%emt 00:00:48]}
40. gxf4 {[%clk 00:01:04]} {[%emt 00:00:21]} f5 {[%clk 00:01:04]} {[%emt
00:01:24]} 41. Bg2 {[%clk 00:22:01]} {[%emt 00:09:33]} Bd4 {[%clk 00:29:10]}
{[%emt 00:02:23]} 42. Nb3 {[%clk 00:21:05]} {[%emt 00:01:27]} Be3 {[%clk
00:28:58]} {[%emt 00:00:41]} 43. Kc3 {[%clk 00:20:16]} {[%emt 00:01:19]} Kxe6
{[%clk 00:27:32]} {[%emt 00:01:56]} 44. Kc2 {[%clk 00:18:38]} {[%emt 00:02:09]}
Bc4 {[%clk 00:27:12]} {[%emt 00:00:49]} 45. Kc3 {[%clk 00:17:25]} {[%emt
00:01:44]} Bxb3 {[%clk 00:25:49]} {[%emt 00:01:53]} 46. Kxb3 {[%clk 00:17:48]}
{[%emt 00:00:06]} Bxf4 {[%clk 00:26:14]} {[%emt 00:00:05]} 47. Kc4 {[%clk
00:17:47]} {[%emt 00:00:32]} Ke5 {[%clk 00:26:26]} {[%emt 00:00:17]} 48. Kd3
{[%clk 00:18:07]} {[%emt 00:00:11]} a5 {[%clk 00:26:29]} {[%emt 00:00:26]} 49.
Bc6 {[%clk 00:17:52]} {[%emt 00:00:46]} Bg5 {[%clk 00:26:32]} {[%emt 00:00:26]}
50. Ke2 {[%clk 00:16:40]} {[%emt 00:01:42]} Bh4 {[%clk 00:26:11]} {[%emt
00:00:52]} 51. Bd7 {[%clk 00:15:54]} {[%emt 00:01:16]} Kf4 {[%clk 00:26:22]}
{[%emt 00:00:17]} 52. Kf1 {[%clk 00:15:30]} {[%emt 00:00:55]} Be7 {[%clk
00:26:38]} {[%emt 00:00:14]} 53. Kf2 {[%clk 00:14:27]} {[%emt 00:01:32]} Kg5
{[%clk 00:26:58]} {[%emt 00:00:11]} 54. Kg2 {[%clk 00:14:18]} {[%emt 00:00:40]}
f4 {[%clk 00:27:17]} {[%emt 00:00:10]} 55. Kf1 {[%clk 00:14:27]} {[%emt
00:00:21]} f3 {[%clk 00:27:38]} {[%emt 00:00:09]} 56. Kf2 {[%clk 00:14:12]}
{[%emt 00:00:44]} Kf4 {[%clk 00:28:01]} {[%emt 00:00:07]} 57. Kf1 {[%clk
00:12:55]} {[%emt 00:01:47]} g3 {[%clk 00:28:08]} {[%emt 00:00:23]} 58. Kg1
{[%clk 00:12:18]} {[%emt 00:01:08]} Bc5+ {[%clk 00:28:23]} {[%emt 00:00:14]}
0-1